MAASAI MARA UNIVERSITY

LIBRARY CATALOGUE

Contact Us: +254 020 2685356/7 or 0774 057787

Box: 861-20500, NAROK, KENYA

Email: info@mmarau.ac.ke

Modern Judaism : (Record no. 27037)

MARC details
000 -LEADER
fixed length control field 01716cam a22003374a 4500
001 - CONTROL NUMBER
control field 13771763
003 - CONTROL NUMBER IDENTIFIER
control field OSt
005 - DATE AND TIME OF LATEST TRANSACTION
control field 20170518104408.0
008 - FIXED-LENGTH DATA ELEMENTS--GENERAL INFORMATION
fixed length control field 041103s2005 enk 001 0 eng
010 ## - LIBRARY OF CONGRESS CONTROL NUMBER
LC control number 2004026053
020 ## - INTERNATIONAL STANDARD BOOK NUMBER
International Standard Book Number 019926287X (alk. paper)
040 ## - CATALOGING SOURCE
Original cataloging agency MMU
Transcribing agency MMU
Modifying agency MMU
Language of cataloging eng
042 ## - AUTHENTICATION CODE
Authentication code pcc
050 00 - LIBRARY OF CONGRESS CALL NUMBER
Classification number BM561 .D38 2005
082 00 - DEWEY DECIMAL CLASSIFICATION NUMBER
Classification number 296/.09/03
Edition number 22
245 00 - TITLE STATEMENT
Title Modern Judaism :
Remainder of title an Oxford guide /
Statement of responsibility, etc. edited by Nicholas de Lange [and] Miri Freud-Kandel.
260 ## - PUBLICATION, DISTRIBUTION, ETC. (IMPRINT)
Place of publication, distribution, etc. Oxford ;
-- New York :
Name of publisher, distributor, etc. Oxford University Press,
Date of publication, distribution, etc. 2005.
300 ## - PHYSICAL DESCRIPTION
Extent xi, 459 p. ;
Dimensions 25 cm.
500 ## - GENERAL NOTE
General note Includes index.
520 ## - SUMMARY, ETC.
Summary, etc. "A multi-disciplinary, multi-authored guide to Jewish life and thought. This book covers the major areas of thought in Jewish Studies, including considerations of religious differences, sociological, philosophical, and gender issues, geographical diversity, inter-faith relations, and the impact of the Shoah (the Holocaust) and the modern state of Israel" --Provided by publisher.
650 #0 - SUBJECT ADDED ENTRY--TOPICAL TERM
Topical term or geographic name as entry element Judaism.
650 #0 - SUBJECT ADDED ENTRY--TOPICAL TERM
Topical term or geographic name as entry element Jews.
700 1# - ADDED ENTRY--PERSONAL NAME
Personal name De Lange, N. R. M.
Fuller form of name (Nicholas Robert Michael),
Dates associated with a name 1944-
700 1# - ADDED ENTRY--PERSONAL NAME
Personal name Freud-Kandel, Miri.
856 41 - ELECTRONIC LOCATION AND ACCESS
Materials specified Table of contents only
Uniform Resource Identifier <a href="http://www.loc.gov/catdir/toc/ecip053/2004026053.html">http://www.loc.gov/catdir/toc/ecip053/2004026053.html</a>
856 42 - ELECTRONIC LOCATION AND ACCESS
Materials specified Publisher description
Uniform Resource Identifier <a href="http://www.loc.gov/catdir/enhancements/fy0638/2004026053-d.html">http://www.loc.gov/catdir/enhancements/fy0638/2004026053-d.html</a>
856 42 - ELECTRONIC LOCATION AND ACCESS
Materials specified Contributor biographical information
Uniform Resource Identifier <a href="http://www.loc.gov/catdir/enhancements/fy0725/2004026053-b.html">http://www.loc.gov/catdir/enhancements/fy0725/2004026053-b.html</a>
906 ## - LOCAL DATA ELEMENT F, LDF (RLIN)
a 7
b cbc
c orignew
d 1
e ecip
f 20
g y-gencatlg
942 ## - ADDED ENTRY ELEMENTS (KOHA)
Source of classification or shelving scheme Library of Congress Classification
Koha item type L

No items available.

© 2016 Maasai Mara University.